| 000 | 01133nam a2200253 4500 | ||
|---|---|---|---|
| 005 | 20240530110446.0 | ||
| 008 | 150428s2010 ua b f j b 000 0 ara d | ||
| 017 |
_a2010/21341 _bمصر . دار الكتب المصرية |
||
| 020 | _a9789774219617 | ||
| 040 | _aEG-CaGPL | ||
| 082 | 0 | 4 |
_221 _a327.620532 _bق/ز ع |
| 100 | 0 | _aزوات عرفان المغربى | |
| 245 | 1 | 2 |
_aالعلاقات المصرية اليمنية : _bالنصف الاول من القرن التاسع عشر / _cتاليف زوات عرفان المغربى |
| 260 |
_aالقاهرة : _bالهيئة المصرية العامة للكتاب ، _c2010 . |
||
| 300 |
_a364 ص : _bايض ؛ _c24 سم |
||
| 490 | 0 |
_aتاريخ المصريين ؛ _v286 |
|
| 504 | _aببليوجرافية : ص 331 - 352 | ||
| 651 | 0 | 4 |
_aمصر _xالعلاقات الخارجية _zاليمن |
| 651 | 0 | 4 |
_aمصر _xتاريخ _yالقرن التاسع عشر |
| 651 | 0 | 4 |
_aاليمن _xتاريخ _yالقرن التاسع عشر |
| 651 | 0 | 4 |
_aاليمن _xالعلاقات الخارجية _zمصر |
| 942 |
_2ddc _cBK |
||
| 999 |
_c61146 _d61146 |
||